Eastenders Characters - Statistics

General Stats
  • This quiz has been taken 433 times
  • The average score is 306 of 674
Answer Stats
% Correct
1990 Phil Mitchell 3,492 Ongoing
94%
1985 Ian Beale 3,515 Ongoing
93%
2000 Kat Mitchell 1,795 Ongoing
93%
1985 Dot Branning 2,278 2020
92%
1985 Sharon Watts 2,594 Ongoing
90%
1991 Peggy Mitchell 1,668 2016
88%
1985 Den Watts 562 2005
87%
2007 Jack Branning 1,372 Ongoing
87%
1986 Pat Evans 2,189 2012
87%
2019 Peggy Mitchell Jr 23 2023
87%
1990 Grant Mitchell 1,089 2016
86%
2008 Whitney Dean 1,480 Ongoing
86%
1993 Bianca Jackson 1,215 2024
85%
2002 Jack Evans 75 2004
85%
1985 Kathy Cotton 2,094 Ongoing
85%
2000 Little Mo Slater 546 2006
85%
1993 Sonia Fowler 1,855 Ongoing
85%
2004 Stacey Slater 1,772 Ongoing
85%
2008 Tiffany Butcher-Baker 674 2022
85%
2009 Al Jenkins 44 2010
84%
2003 Jack Dalton 11 2003
84%
2006 Jack Edwards 36 2006
84%
2000 Jack Robbins 15 2001
84%
1992 Jack Woodman 18 1993
84%
2006 Li Chong 36 2007
84%
1985 Martin Fowler 1,991 Ongoing
84%
2006 Max Branning 1,365 2021
84%
2013 Mick Carter 1,145 2022
84%
1985 Pete Beale 669 1993
84%
1996 Ben Mitchell 1,504 2024
83%
1988 Mo Butcher 136 1990
83%
2001 Paul Trueman 372 2004
83%
2006 Denise Fox 1,618 Ongoing
82%
1996 Jim Branning 912 2011
82%
2002 Minty Peterson 567 2010
82%
2000 Mo Harris 1,297 2022
82%
1998 Billy Mitchell 2,108 Ongoing
81%
1988 Cindy Beale 638 Ongoing
81%
2006 Lauren Branning 950 Ongoing
81%
1985 Lou Beale 229 1988
81%
2014 Nancy Carter 406 2022
81%
2007 Ronnie Branning 774 2017
81%
2007 Roxy Mitchell 970 2017
81%
1990 Sam Mitchell 833 2024
81%
2021 Tom 'Rocky' Cotton 259 2023
81%
2013 Linda Carter 1,166 Ongoing
80%
1993 Lucy Beale 840 2014
80%
1985 Arthur Fowler 932 1996
79%
2015 Arthur Fowler Jr 223 Ongoing
79%
2023 Charli Slater 22 Ongoing
79%
1998 Cindy Williams Jr 125 2015
79%
2004 Jane Clarke 1,098 2017
79%
2010 Ricky Branning 240 Ongoing
79%
1995 Tiffany Mitchell 428 1999
79%
1993 Billie Jackson 167 2010
78%
1985 Mark Fowler 1,262 2003
78%
2016 Mark Fowler Jr 13 2016
78%
1985 Nick Cotton 277 2015
78%
1985 Pauline Fowler 1,949 2006
78%
1993 Peter Beale 909 Ongoing
78%
2006 Shirley Carter 1,533 2022
78%
2010 Arthur "Fatboy" Chubb 442 2015
77%
1986 Jan Hammond 44 2003
77%
2004 Jean Slater 1,020 Ongoing
77%
2013 Johnny Carter 357 Ongoing
77%
2015 Paul Coker 104 2016
77%
1988 Ricky Butcher 1,463 2023
77%
2002 Alfie Moon 1,205 Ongoing
76%
2008 Danielle Jones 75 2009
76%
2005 Honey Mitchell 860 Ongoing
76%
1989 Janine Carter 1,244 2022
76%
2001 Louise Mitchell 595 2020
76%
2000 Zoe Slater 559 2005
76%
2006 Abi Branning 910 2018
75%
2017 Abi Branning Jr 65 2021
75%
2008 Amy Mitchell 511 Ongoing
75%
1985 Angie Watts 274 1988
75%
2003 Bobby Beale 668 Ongoing
75%
1987 Frank Butcher 783 2005
75%
2006 Jay Brown 1,291 Ongoing
75%
1990 John Royle 28 1993
75%
2014 Lee Carter 343 2020
75%
1998 Mel Owen 617 2019
75%
2001 Patrick Trueman 1,469 Ongoing
75%
1989 Paul Priestly 53 1990
75%
1996 Sal Martin 58 2017
75%
2006 Tanya Cross 679 2018
75%
2004 Tommy Grant 14 2004
75%
2000 Charlie Slater 833 2016
74%
2001 John Davis 12 2001
74%
1998 Steve Owen 335 2002
74%
2007 Will Mitchell 227 Ongoing
74%
1993 Carol Jackson 994 2015
73%
2006 Dean Wicks 419 Ongoing
73%
2003 Dennis Rickman 315 2005
73%
2009 Kim Fox 961 Ongoing
73%
2006 SJ Fletcher 26 2006
73%
2021 Vi Highway 75 2023
73%
1993 Zoe Cotton 13 2001
73%
2008 Archie Mitchell 149 2009
72%
2000 Bex Fowler 527 2020
72%
2008 Bob Lister 58 2022
72%
2001 Harry Slater 35 2001
72%
1985 Michelle Fowler 1,062 2018
72%
2013 Sam James 49 2013
72%
1986 Charlie Cotton 54 1990
71%
2014 Charlie Cotton Jr 143 2017
71%
2010 Danny Mitchell 44 2017
71%
2001 Jane Williams 13 2002
71%
2011 Lola Pearce-Brown 673 2023
71%
2014 Bert Moon 126 Ongoing
70%
1985 Chris Smith 54 1988
70%
1996 Derek Branning 148 2012
70%
2008 Dotty Cotton 255 2022
70%
2015 Jade Masood 47 Ongoing
70%
1996 Joe Wicks 175 1997
70%
2012 Lexi Pearce 303 Ongoing
70%
2018 Peter Arthurs 35 2024
70%
1989 Steven Beale 553 2017
70%
2012 Ava Hartman 91 2013
69%
1998 Lisa Fowler 558 2023
69%
2006 Sean Slater 262 2021
69%
2004 Danny Moon 76 2006
68%
1999 Dan Sullivan 149 2001
68%
2014 Ernie Moon 127 Ongoing
68%
1987 Johnny Harris 24 1991
68%
2000 Laura Beale 410 2004
68%
2006 Libby Fox 326 2017
68%
2010 Lily Slater 377 Ongoing
68%
1996 Mick McFarlane 224 2002
68%
2015 Ollie Carter 222 Ongoing
68%
2013 Tina Carter 668 2020
68%
2021 Annie Carter 40 Ongoing
67%
1988 Bob Ashley 19 1989
67%
2006 Chelsea Fox 591 Ongoing
67%
1997 Chris Clarke 31 1998
67%
2003 Dan Ferreira 60 2003
67%
1996 Dan Zappieri 45 1997
67%
1987 Fi Browning 64 2017
67%
2005 Johnny Allen 143 2006
67%
1998 Liam Butcher 487 2021
67%
2006 Linda Clarke 32 2016
67%
2007 Oscar Branning 125 2017
67%
1993 Robbie Jackson 978 2019
67%
2009 Syed Masood 284 2012
67%
2007 Tamwar Masood 565 2016
67%
2010 Tommy Moon 341 Ongoing
67%
2001 Tom Stuart 32 2004
67%
2007 Zainab Khan 452 2013
67%
2012 Dennis Rickman Jr 303 2020
66%
2004 Freddie Slater 211 Ongoing
66%
2023 George Knight 106 Ongoing
66%
2012 Joey Branning 156 2013
66%
2017 Karen Taylor 645 2024
66%
2007 Rainie Highway 382 2022
66%
2007 Shabnam Kazemi 227 2016
66%
1996 Suzy Branning 47 2008
66%
2017 Tom Bailey 22 2017
66%
2011 Yasmin Masood 48 2014
66%
2009 Afia Masood 109 2012
65%
2009 Amira Masood 131 2012
65%
2006 Bradley Branning 404 2010
65%
2009 George Trott 59 2014
65%
1998 Jamie Mitchell 443 2002
65%
2006 Janet Mitchell Jr 254 Ongoing
65%
1998 Joe di Marco 109 2001
65%
2010 Kamil Masood 116 2016
65%
2002 Kate Mitchell 187 2005
65%
2017 Keanu Taylor 395 2023
65%
2015 Kyle Slater 69 2016
65%
1998 Louise Raymond 100 1999
65%
2007 Masood Ahmed 736 2019
65%
2010 Michael Moon 304 2013
65%
2017 Bernadette Taylor 483 Ongoing
64%
1993 David Wicks 467 2014
64%
2009 Debra Dean 11 2009
64%
1997 Irene Raymond 295 2000
64%
2000 Lynne Slater 453 2004
64%
1997 Max Townsend 26 1998
64%
2003 Mickey Miller 356 2011
64%
2008 Morgan Butcher 283 2016
64%
2020 Suki Panesar 366 Ongoing
64%
2002 Tom Banks 71 2002
64%
2003 Yolande Trueman 392 Ongoing
64%
2012 Alice Branning 158 2013
63%
2004 Christopher Riddick 18 2005
63%
1985 George 'Lofty' Holloway 259 2022
63%
2008 Penny Branning 28 Ongoing
63%
1986 Tom Clements 73 1988
63%
2014 Tom Pepper 13 2017
63%
2018 Cherry Slater 57 2020
62%
2011 Eddie Moon 48 2011
62%
2017 Hope Fowler 101 Ongoing
62%
2004 Jake Moon 166 2006
62%
2015 Matthew Cotton 104 2017
62%
2018 Mitch Baker 437 2023
62%
1986 Vicki Fowler 539 2004
62%
2023 Anna Knight 102 Ongoing
61%
2011 Anthony Moon 102 2012
61%
1994 Barry Evans 725 2004
61%
2007 Derek Evans 14 2016
61%
2023 Gina Knight 104 Ongoing
61%
2005 Joe Macer 116 2007
61%
1991 Joe Wallace 18 1993
61%
2005 Mike Swann 26 2006
61%
2006 Rob Minter 86 2007
61%
2012 Scarlett Butcher 144 2023
61%
1991 Steve Elliot 279 1996
61%
2019 Steve Thompson 31 2021
61%
2017 Raymond Dawkins 63 Ongoing
60%
2003 Andy Hunter 173 2005
59%
2000 Anthony Trueman 282 2014
59%
2013 Dexter Hartman 149 2015
59%
1985 Ethel Skinner 362 2000
59%
2018 Hunter Owen 101 2019
59%
1986 James Willmott-Brown 172 2017
59%
1997 Nick Holland 25 1998
59%
2011 Rose Cotton 69 2012
59%
2005 Ruby Allen 390 2021
59%
1985 Simon Wicks 463 2012
59%
1993 Alan Jackson 354 2010
58%
1991 Alfie Phillips 10 1991
58%
1985 Ali Osman 355 1989
58%
1995 April Branning 37 1996
58%
2001 Belinda Peacock 77 2016
58%
1996 Charlie Mason 19 1999
58%
2020 Frankie Carter 131 2022
58%
2010 Glenda Mitchell 108 2017
58%
2017 Keegan Butcher-Baker 433 2022
58%
1988 Little Ali Osman 43 1989
58%
2000 Maureen Carter 13 2000
58%
2022 Nish Panesar 159 Ongoing
58%
2006 Rachel Branning 22 2010
58%
1995 Tony Hills 336 1999
58%
2010 Zsa Zsa Carter 55 2010
58%
1986 Brad Williams 40 1989
57%
1986 Carmel Jackson 169 1989
57%
2004 Chrissie Watts 215 2005
57%
1996 Michael Rose 210 1999
57%
1996 Simon Raymond 293 1999
57%
2011 Andrew Cotton 59 2012
56%
1993 Ashley Cotton 45 2001
56%
2019 Ash Panesar 160 2023
56%
1986 Barry Clark 120 2022
56%
2019 Chantelle Atkins 127 2020
56%
1993 Clare Bates 247 2008
56%
1997 Courtney Mitchell 167 2016
56%
2005 Dawn Swann 337 2009
56%
1993 Debbie Bates 132 1995
56%
2024 Eddie Knight 12 Ongoing
56%
2007 Heather Trott 386 2012
56%
2002 Jason James 15 2002
56%
2012 Kirsty Branning 126 2014
56%
1985 Mary Smith 238 2022
56%
2002 Nana Moon 210 2005
56%
1992 Nigel Bates 514 1998
56%
2018 Ray Kelly 31 2019
56%
1994 Roy Evans 618 2003
56%
2003 Shirley Benson 60 2004
56%
2016 Andy Flynn 35 2016
55%
1985 Annie Smith 120 2019
55%
2018 Callum Highway 532 Ongoing
55%
2004 David Collins 12 2004
55%
1988 David Samuels 54 1989
55%
1988 Elizabeth Beale 15 1988
55%
2017 Emerald Fox 10 2017
55%
1996 George Palmer 163 1998
55%
2005 George Stevens 55 2017
55%
2006 Kevin Wicks 209 2008
55%
1993 Liam Tyler 26 1995
55%
1988 Matthew Jackson 64 1989
55%
1988 Michael 'Queenie' Price 36 1989
55%
1992 Ronnie Bains 12 1992
55%
2014 Stan Carter 104 2015
55%
1996 Sue Taylor 15 1997
55%
1985 Tony Carpenter 178 1987
55%
1999 Jackie Owen 90 2000
54%
2015 Louie Beale 81 Ongoing
54%
2002 Spencer Moon 255 2005
54%
1995 Ted Hills 121 1997
54%
1996 Terry Raymond 441 2002
54%
2008 Tony King 35 2009
54%
2020 Albie Watts 73 Ongoing
53%
2000 Audrey Trueman 54 2001
53%
2019 Charlie 'Tubbs' Savage 16 2019
53%
1988 Diane Butcher 200 2012
53%
2000 Eddie Skinner 37 2001
53%
2001 Ernie Johnson 10 2002
53%
2018 Hayley Slater 108 2019
53%
2009 James Mackie 10 2009
53%
1998 Kim McFarlane 70 2002
53%
2014 Sylvie Carter 60 2017
53%
2006 Carly Wicks 212 2012
52%
1986 Eddie Hunter 24 1987
52%
2014 Elaine Peacock 179 Ongoing
52%
2010 Harry Gold 12 2011
52%
2021 Jordan Atkins 32 Ongoing
52%
2015 Pearl Fox 157 Ongoing
52%
2012 Ray Dixon 107 2013
52%
1994 Ruth Aitken 399 1999
52%
2011 Tyler Moon 175 2013
52%
2017 Harry 'Woody' Woodward 65 2018
51%
1997 Ros Thorne 17 1998
51%
2000 Trevor Morgan 118 2002
51%
2006 Bert Atkinson 94 2017
50%
2019 Daniel Cook 36 2020
50%
2004 Darren Miller 455 2011
50%
1990 Eddie Royle 104 1991
50%
2022 Felix Baker 125 Ongoing
50%
1990 Harry Osborne 10 1990
50%
1986 Harry Reynolds 31 1986
50%
1987 Luke Browning 33 2017
50%
1997 Matthew Rose 176 2000
50%
2018 Mica Fox 21 Ongoing
50%
1993 Nadia Mitchell 24 1994
50%
2006 Owen Turner 49 2009
50%
2022 Ravi Gulati 165 Ongoing
50%
2007 Terry Bates 16 2019
50%
2018 Bev Slater 15 109
49%
2019 Gray Atkins 282 2022
49%
2004 Leo Taylor 17 2005
49%
1985 Terry Rich 14 1987
49%
1989 Vince Johnson 24 1990
49%
2008 Christian Clarke 377 2016
48%
1998 Fred Fonseca 47 2000
48%
1991 Gill Fowler 29 1992
48%
2004 Keith Miller 285 2008
48%
2007 Liam 'Bird' Meadows 10 2009
48%
1996 Lorraine Wicks 172 1997
48%
1994 Natalie Price 524 2004
48%
2018 Stuart Highway 353 2022
48%
1988 Victor Hampton 18 1989
48%
2019 Vinny Panesar 277 Ongoing
48%
2003 Ash Ferreira 131 2005
47%
2023 Avani Nandra-Hart 42 Ongoing
47%
2021 Eve Unwin 251 Ongoing
47%
1998 Lola Christie 27 1998
47%
2023 Priya Nandra-Hart 44 Ongoing
47%
2017 Riley Taylor 69 2023
47%
1985 Roy Quick 51 1986
47%
1985 Sue Osman 281 1989
47%
2005 Tina Stewart 60 2005
47%
1985 Andy O'Brien 117 1986
46%
2001 Kelly Taylor 153 2004
46%
1997 Mary Flaherty 150 1999
46%
2004 Rosie Miller 185 2006
46%
1995 Sarah Hills 306 1999
46%
2006 Victor Brown 14 2006
46%
2003 Amber Trueman 19 2003
45%
1990 Carol Hanley 10 1990
45%
2017 Chatham Taylor 65 2023
45%
2024 Gloria Knight 15 2024
45%
2016 Jamie Johnson 14 2016
45%
2014 Kush Kazemi 643 2021
45%
2020 Laura Awoyinka 12 2021
45%
2008 Lucas Johnson 199 2024
45%
2002 Sean Andrews 15 2002
45%
2014 Yvonne Cotton 27 2015
45%
1994 Blossom Jackson 235 2010
44%
2001 Derek Harkinson 240 2017
44%
1987 Donna Ludlow 120 1989
44%
2023 Emma Harding 21 2023
44%
1995 Gary Holmes 11 1995
44%
1985 Harold Legg 268 2019
44%
1994 Jacques Butcher 28 1997
44%
2000 Marie Evans 680 Ongoing
44%
2001 Nita Mistry 95 2019
44%
2015 Sami Jackson 13 2019
44%
1987 Tina Hopkins 21 1987
44%
1997 Annie Palmer 167 1999
43%
2016 Eve Igwe 11 2016
43%
2002 Joanne Ryan 58 2003
43%
2019 Kheerat Panesar 228 2022
43%
2014 Babe Smith 219 2017
42%
2019 Bailey Baker 148 2023
42%
2013 Carl White 61 2014
42%
2015 Carmel Kazemi 354 2018
42%
2022 Davinder 'Nugget' Gulati 103 Ongoing
42%
2019 Sheree Trueman 98 2021
42%
1997 Susan Rose 74 1999
42%
2017 Ted Murray 129 2019
42%
2008 Callum Monks 52 2009
41%
2011 Cora Cross 329 2018
41%
1987 Darren Roberts 71 1988
41%
2004 Demi Miller 122 2006
41%
1990 Jasmine O'Brien 12 1991
41%
2008 Jordan Johnson 100 2016
41%
2006 Liz Turner 70 2010
41%
2019 Mia Atkins 91 2023
41%
2013 Ollie Walters 29 2018
41%
2014 Buster Briggs 140 2016
40%
2022 Finlay Baker 86 2023
40%
2007 Jase Dyer 93 2008
40%
2012 Les Coker 171 2016
40%
2019 Mackenzie Atkins 90 2023
40%
2018 Matt Clarkson 10 2019
40%
2009 Todd Taylor 20 2010
40%
2021 Zack Hudson 295 Ongoing
40%
2019 Danny Hardcastle 15 2020
39%
2012 Danny Pennant 56 2014
39%
1989 Danny Whiting 30 1990
39%
2019 Jags Panesar 41 2020
39%
2014 Pam Coker 214 2022
39%
2013 Terry Spraggan 77 2015
39%
2013 TJ Spraggan 30 2018
39%
1993 Danny Taurus 13 1993
38%
1987 Graham Clark 11 1988
38%
2009 Ryan Malloy 174 2023
38%
2009 Theo Kelly 22 2009
38%
2005 Trisha Taylor 10 2005
38%
1987 Alan McIntyre 12 1989
37%
2014 Beth Williams Spraggan 22 2015
37%
2001 Donna Andrews 31 2002
37%
1989 Julie Cooper 59 1990
37%
1989 Laurie Bates 36 1990
37%
1990 Stuart Kendle 12 1990
37%
2015 Vincent Hubbard 262 2018
37%
1997 Alex Healy 156 1999
36%
2014 Donna Yates 362 2018
36%
2021 Harvey Monroe 231 Ongoing
36%
2013 Jake Stone 60 2014
36%
1995 Janet Stoddard 11 2002
36%
1997 Julie Haye 36 1998
36%
2010 Julie Perkins 54 2011
36%
2019 Leo King 48 2020
36%
1992 Mandy Salter 209 2012
36%
1999 Nina Harris 122 2000
36%
1993 Rose Chapman 15 1993
36%
2015 Anthony Abego 11 2016
35%
2002 Gus Smith 338 2008
35%
2021 Howie Danes 138 Ongoing
35%
1987 Junior Roberts 65 1989
35%
1998 Nicky di Marco 126 2000
35%
2004 Sarah Cairns 21 2004
35%
2016 Shakil Kazemi 160 2018
35%
1988 Trevor Kellow 21 1989
35%
1989 Trevor Short 58 1990
35%
2004 Aleesha Miller 67 2006
33%
1998 Beppe di Marco 413 2002
33%
2010 Edward Bishop 23 2011
33%
2014 Emma Summerhayes 50 2015
33%
1988 Guido Smith 27 1989
33%
1985 Hannah Carpenter 64 1987
33%
2001 Nathan Williams 48 2002
33%
1992 Richard Cole 153 1994
33%
2013 Rosie Spraggan 19 2014
33%
2000 Sandra di Marco 90 2001
33%
1999 Troy Harvey 36 1999
33%
2010 Yusef Khan 92 2011
33%
1985 Debbie Wilkins 172 1987
32%
2022 Denzel Danes 114 Ongoing
32%
2017 Felix Moore 12 2017
32%
1985 Hassan Osman 22 1985
32%
2000 Kerry Skinner 40 2001
32%
1991 Lorraine Stevens 13 2012
32%
2012 Luke Crisp 12 2012
32%
1985 Mehmet Osman 106 1989
32%
2009 Adam Best 40 2010
31%
2009 Becca Swanson 49 2010
31%
2002 Juley Smith 163 2006
31%
2022 Roland Highway 23 2022
31%
1998 Rosa di Marco 229 2000
31%
2004 Wilfred Atkins 18 2004
31%
2018 Adam Bateman 75 2019
30%
2000 Garry Hobbs 805 2009
30%
2015 Gavin Sullivan 30 2016
30%
2019 Habiba Ahmed 98 2020
30%
1989 Marie Davies 23 1989
30%
2001 Ross Fletcher 10 2001
30%
2007 Summer Swann 51 2009
30%
2012 AJ Ahmed 91 2014
29%
2019 Iqra Ahmed 153 2022
29%
2006 May Wright 91 2008
29%
2008 Samantha Keeble 80 2023
29%
1987 Emine Osman 15 1988
28%
1995 Felix Kawalski 53 1997
28%
1998 Gianni di Marco 267 2000
28%
1985 Guizin Osman 86 1989
28%
1987 Murat Osman 13 1988
28%
2022 Nina Gupta 29 2022
28%
2006 Oliver Cousins 29 2006
28%
2016 Oz Bolat 12 2017
28%
1994 Stan Dougan 19 1995
28%
2001 Thomas Burton 12 2002
28%
2009 Trina Johnson 15 2009
28%
2021 Aaron Monroe 36 2022
27%
2007 Craig Dixon 15 2007
27%
2020 Ellie Nixon 11 2020
27%
1993 Gita Kapoor 338 1998
27%
1985 Kelvin Carpenter 193 1987
27%
2018 Mariam Ahmed 59 2019
27%
1987 Rayif Osman 16 1988
27%
1998 Teresa di Marco 204 2000
27%
1997 Alison Peters 27 2003
26%
2018 Arshad Ahmed 68 2019
26%
1994 Jimmy Coogan 10 1994
26%
1998 Jonah Tyler 12 2022
26%
1991 Rachel Kominski 136 1993
26%
1987 Reg Sparrow 18 1988
26%
2006 Sid Clarke 12 2006
26%
1985 Cassie Carpenter 34 1986
25%
2021 Dana Monroe 84 2022
25%
2003 Graham Foster 20 2023
25%
2017 Irene Mills 16 2023
25%
2009 Joel Reynolds 21 2009
25%
1996 Lenny Wallace 258 1999
25%
2010 Vanessa Gold 98 2011
25%
1998 Bruno di Marco 18 1998
24%
2015 Claudette Hubbard 108 2016
24%
1986 Colin Russell 185 2022
24%
2003 Dominic Price 19 2005
24%
1990 Hattie Tavernier 199 1994
24%
2017 Hugo Browning 10 2017
24%
2010 Jodie Gold 113 2011
24%
2020 Katy Lewis 17 2021
24%
1998 Luisa di Marco 16 1998
24%
2011 Poppy Meadow 147 2014
24%
2022 Reiss Colwell 94 Ongoing
24%
2003 Ronny Ferreira 160 2005
24%
2018 Ross Swinden 14 2019
24%
2013 Sally Booth 11 2023
24%
1992 Shelley Lewis 57 1994
24%
2009 Manda Best 49 2010
23%
2008 Maria de Costa 10 2012
23%
2010 Mercy Chubb 68 2011
23%
1993 Sanjay Kapoor 450 1998
23%
1995 Andrea Price 19 1999
22%
1994 Binnie Roberts 73 1995
22%
1990 Clyde Tavernier 199 1993
22%
1996 Frankie Pierre 63 1997
22%
1997 Jeff Healy 182 2000
22%
2004 Jil Green 10 2008
22%
1988 Joanne Francis 36 1989
22%
2022 Lewis Butler 22 2022
22%
2005 Margaret Wilson 17 2006
22%
1987 Rod Norman 141 1990
22%
2003 Adi Ferreira 159 2005
21%
1987 Aisha Roberts 39 1989
21%
1990 April McIntosh 14 1990
21%
1995 Clive Dixon 14 1997
21%
2010 Greg Jessop 55 2011
21%
2007 Hazel Hobbs 48 2008
21%
2003 Kareena Ferreira 161 2005
21%
1998 Nicole Moore 10 1998
21%
2013 Nikki Spraggan 23 2014
21%
2010 Sandy Gibson 11 2021
21%
2012 Sasha Dixon 16 2012
21%
2006 Stella Crawford 88 2007
21%
2007 Vinnie Monks 66 2008
21%
2017 Aidan Maguire 31 2018
20%
2010 Connor Stanley 40 2011
20%
1996 Garry Rawlings 10 1996
20%
1990 Greg McIntosh 12 1990
20%
2007 Kenny Morris 21 2023
20%
1990 Celestine Tavernier 95 1993
19%
1994 Della Alexander 78 1995
19%
1990 Disa O'Brien 26 2022
19%
1990 Etta Tavernier 103 1994
19%
2003 Gavin Sharp 23 2003
19%
1996 Huw Edwards 226 1999
19%
1990 Jackie Stone 23 1991
19%
1990 Jules Tavernier 209 1997
19%
1990 Lloyd Tavernier 63 1992
19%
1989 Marge Green 59 1990
19%
2002 Marjorie 'Precious' Hudson 17 2002
19%
2021 Neil Hughes 12 2022
19%
2000 Rod Morris 21 2000
19%
1998 Saskia Duncan 14 1999
19%
2023 Theo Hawthorne 48 2023
19%
1985 Alison Howard 16 1989
18%
1997 Conor Flaherty 115 1999
18%
2014 Fiona 'Tosh' Mackintosh 62 2014
18%
2017 Joyce Murray 57 2018
18%
2010 Leon Small 42 2010
18%
1990 Marcus Christie 79 2015
18%
2017 Preston Cooper 16 2017
18%
2016 Sophie Dodd 11 2016
18%
1993 Aidan Brosnan 68 1993
17%
2002 Anish Mistry 26 2003
17%
2013 Bella Young 11 2014
17%
2019 Dinah Wilson 15 2019
17%
2001 Margaret Walker 25 2001
17%
2011 Norman Simmonds 24 2012
17%
1999 Claudia Fielding 11 1999
16%
2014 Fiona Payne 12 2015
16%
1994 Geoff Barnes 85 1995
16%
2020 Isaac Baptiste 125 2022
16%
1997 Jessie Moore 30 1998
16%
1990 Kofi Tavernier 75 1993
16%
2005 Ritchie Scott 84 2024
16%
2002 Sadie Banks 16 2002
16%
1997 Vanessa Carlton 17 1997
16%
2007 Wayne Hughes 14 2010
16%
1988 Benny Bloom 16 1989
15%
2008 Brenda Boyle 18 2009
15%
1993 Gidea Thompson 18 1993
15%
2017 Josh Hemmings 53 2018
15%
1997 Josh Saunders 17 1998
15%
1998 Josie McFarlane 55 2000
15%
1998 Lilly Mattock 64 1999
15%
2015 Margaret Badini 12 2015
15%
2020 Mila Marwa 40 2022
15%
2015 Natasha Black 11 2021
15%
2003 Sasha Perkins 54 2005
15%
2017 Travis Law-Hughes 24 2017
15%
1992 Christine Hewitt 81 1993
14%
1987 Duncan Boyd 51 2023
14%
1994 Maxine Palmer 19 1995
14%
1993 Nellie Ellis 135 2000
14%
2001 Jill Marsden 90 2015
13%
2018 Maddie Wright 13 2019
13%
1997 Polly Becker 85 1998
13%
2013 Sadie Young 41 2014
13%
1985 Saeed Jeffery 62 1985
13%
1993 Sharmilla Kapoor 93 1998
13%
2012 Trish Barnes 29 2017
13%
1995 Willy Roper 59 1996
13%
2017 Alexandra D'Costa 43 2017
12%
2010 Grace Olubunmi 22 2011
12%
2003 Jonathan Leroy 28 2005
12%
1985 Naima Jeffery 165 1987
12%
1997 Neelam Kapoor 46 1998
12%
2014 Aleks Shirovs 88 2015
10%
2011 Lydia Simmonds 13 2011
10%
1987 Magda Czajkowski 58 1988
10%
2005 Naomi Julien 109 2007
10%
1993 Sylvia Weng-Chung 39 1993
10%
2018 Evie Steele 32 2019
9%
2023 Gideon Clayton 17 Ongoing
9%
2023 Nadine Keller 10 Ongoing
9%
2009 Noah Chambers 16 2009
9%
2003 Tariq Laroussi 164 2005
9%
2021 Alyssa Lennox 25 2022
8%
1999 Asif Malik 146 2003
8%
2014 Cameron Bryant 34 2016
8%
1987 Gerry Fairweather 11 1988
8%
1988 Gregory Mantel 20 1989
8%
2021 Jada Lennox 42 2022
8%
1986 Jaggat Singh 45 1987
8%
1996 Alistair Matthews 37 1997
7%
2021 Kioni Marwa 15 2022
7%
2017 Madison Drake 42 2017
7%
2006 Lydia Asler 11 2007
6%
2011 Shenice Quinn 40 2012
6%
2009 Syd Chambers 41 2009
6%
2017 Gethin Pryce 36 2017
5%
2001 Graeme Hall 12 2002
5%
1997 Lorna Cartwright 28 2016
5%
1988 Sohail Karim 42 1990
5%
1987 Ashraf Karim 73 1990
4%
1995 Guppy Sharma 25 1996
4%
2017 Ingrid Solberg 40 2018
4%
2018 Jagger Rawley 22 2018
4%
2016 Linzi 'Star' Bragg 18 2017
4%
1993 Meena McKenzie 37 1996
4%
1988 Sufia Karim 44 1990
4%
1987 Tel Conway 12 1987
4%
2012 Ayesha Rana 25 2013
3%
2013 Delton Kane 11 2013
3%
2002 Doris Moisey 23 2003
3%
2014 Ineta Shirovs 15 2015
3%
2006 Preeti Choraria 55 2008
3%
1986 Rezaul Gabir 31 1988
3%
1988 Shireen Karim 68 1990
3%
2016 Anya Barowski 11 2016
2%
2009 Qadim Shah 11 2012
2%
2007 Tomas Covalenco 18 2007
2%
2009 Bushra Abbasi 22 2015
1%
2023 Dorian Gates 10 2023
1%
1991 Eibhlin O'Donnell 14 1991
1%
2011 Jimmie Broome 11 2017
1%
2016 Jorgen Christensen 10 2017
1%
2017 Konrad Topolski 12 2017
0%
2009 Zulekha Abbasi 12 2012
0%
No matching quizzes found
Score Distribution
Percent of People with Each Score
Percentile by Number Answered
Your Score History
You have not taken this quiz